000 00986nam0a2200313 4500
001 RU\NLR\BIBL_A\016320355
005 20250625041140.0
010 _98000
035 _a(NLR Aleph) 016320355
090 _a13314660
_c13314660
100 _a20230323d1960 |||y0rusy50 ca
101 0 _alav
102 _aLV
105 _aa z 000 y
181 0 _ai
_baxxe
182 0 _an
200 1 _aVārpu valoda
_edzeja
_fĀrija Elksne
_g[mākslinieks H. Purviņš]
203 _aТекст
_bвизуальный
_cнепосредственный
210 _aRīga
_cLatvijas Valsts izdevniecība
_d1960
215 _a90, [3] с.
_cил.
_d13
541 1 _6z01790
_aКолосья говорят
_zrus
686 1 _aШ5(2=Лат)-335
700 1 _aElksne
_f1928-1984
_gĀrija
_4070
702 1 _aPurviņš
_bH.
_f1920-2006
_gHarijs
_4440
790 1 _6z01541
_aЭлксне
_bА.
_f1928-1984
_gАрия
_4070
852 _aNLR
_bОНЛ
_jЛатыш./1-793
942 _cBOOK
980 _aNB